Welches Wort hat mehr Buchstaben? - Statistiken

Allgemein
  • Dieses Quiz wurde 125 mal gespielt
    55 seit der letzten Aktualisierung
  • Das Durchschnittsergebnis liegt bei 10 aus 10
Antwortstatistiken
Hint Antwort % Korrekt
1. Schild 2. Topf 1
100%
1. Eimer 2. Tüte 1
100%
1. Brot 2. Kiste 2
100%
1. Koffer 2. Paprika 2
100%
1. Milch 2. Fink 1
98%
1. Container 2. Kalender 1
98%
1. Liechtenstein 2. Mosambik 1
96%
1. Kranz 2. Studio 2
96%
1. Orange 2. Schublade 2
96%
1. Computer 2. Briefkasten 2
94%
Keine übereinstimmenden Quizze gefunden
Verteilung der Resultate
Anzahl Personen mit jedem Resultat
Perzentil nach korrekt beantworteten Fragen
Ihre Resultats-Entwicklung
Sie haben dieses Quiz seit der letzten Aktualisierung nicht gespielt